000 02970nam a22002657a 4500
005 20240305165633.0
007 cr|||| ||||
008 220516s2021 es |||||s|||| 00||0 spa d
020 _a978-84-123809-3-4
035 _a35644
040 _avLex
090 _c13348
_d13348
100 1 _aLanaspa Mainz, David
245 1 2 _aLa pena de privación del derecho a conducir vehículos a motor y ciclomotores en el sistema penal español
_h[Recurso electrónico] /
_cDavid Lanaspa Mainz
256 _aServicio en línea
260 _aBarcelona:
_bJ.M. Bosch Editor,
_c2021
300 _a1 recurso electrónico
500 _aLa obra analiza una pena privativa de derechos como es la privación del derecho a conducir vehículos a motor y ciclomotores: una pena con una presencia importante en la praxis judicial dado que representa aproximadamente el 8% del total de penas impuestas en España. La privación del derecho a conducir vehículos a motor y ciclomotores tiene especial incidencia en los delitos relacionados con el tráfico viario, ámbito en expansión desde la entrada en vigor de la LO 15/2007 de 30 de noviembre de reforma del Código Penal. Se realiza en primer lugar, un análisis integral de la regulación actual de la pena en el sistema penal español. En segundo lugar, se estudia su aplicación en la práctica de los Juzgados y Tribunales.Y finalmente se analizan los déficits que presenta tanto en la regulación, aplicación y ejecución de la misma. Para la elaboración de esta investigación se ha analizado la doctrina relativa al sistema de penas, en concreto las penas privativas de derechos, así como la relativa a los delitos contra la seguridad vial. Igualmente, se ha realizado un exhaustivo análisis jurisprudencial de los supuestos en los que se ha impuesto la privación del derecho a conducir, bien como pena, medida de seguridad o medida cautelar, detallándose las principales resoluciones en un amplio anexo jurisprudencial que alcanza los últimos treinta años. Todo ello hace de esta monografía una herramienta útil para los profesionales vinculados al estudio y aplicación de los delitos relacionados con la seguridad vial (Jueces y Magistrados, Fiscales, Letrados de la Administración de Justicia, Abogados, Policías, Profesores Universitarios, Estudiantes, etc.), al contener un estudio minucioso de todos los aspectos prácticos relacionados con la pena de privación del derecho a conducir vehículos a motor y ciclomotores.
506 1 _aDisponible solo en los productos indicados
_dvLex Global
_dvLex Global (Academic Edition, excluding Law Schools)
_dvLex Global (U.S. Academic Edition, Law Schools)
_dvLex Global (U.S. Academic Edition, excluding Law Schools)
_dvLex Global (Academic Edition, Law Schools)
650 0 4 _aDerecho Penal
_zEspaña
650 0 4 _aProcedimiento Penal
_zEspaña
740 0 _avLex Libros (Servicio en línea)
856 4 0 _uhttps://app.vlex.com/#/sources/35644
942 _cRAA
999 _c171584
_d171584